Every American Country by Shape - Random Order - Statistics

General Stats
  • This quiz has been taken 66 times
  • The average score is 28 of 35
Answer Stats
Picture Answer % Correct
Canada
96%
United States
96%
Argentina
92%
Chile
92%
Cuba
92%
Mexico
92%
Peru
92%
Venezuela
88%
Bahamas
85%
Brazil
85%
Haiti
85%
Panama
85%
Belize
81%
Colombia
81%
Costa Rica
81%
Ecuador
81%
Guyana
81%
Jamaica
81%
Nicaragua
81%
Antigua and Barbuda
77%
El Salvador
77%
Guatemala
77%
Paraguay
77%
Saint Kitts and Nevis
77%
Trinidad and Tobago
77%
Bolivia
73%
Grenada
73%
Saint Vincent and the Grenadines
73%
Uruguay
73%
Dominica
69%
Dominican Republic
69%
Honduras
69%
Saint Lucia
69%
Barbados
65%
Suriname
62%
No matching quizzes found
Score Distribution
Percent of People with Each Score
Percentile by Number Answered
Your Score History
You have not taken this quiz